| 000 | 00708cam a2200217 a 4500 | ||
|---|---|---|---|
| 001 | 000019137 | ||
| 005 | 20200929165931.0 | ||
| 008 | 060801s1967 ve 000 0 spa d | ||
| 040 |
_aDO-SdBNP _bspa _cLC _dBNPHU |
||
| 082 |
_a923.587 _bM672P |
||
| 100 | 1 |
_aPi Sunyer, Carles, _d1888-1971. _941170 |
|
| 245 | 1 | 0 |
_aMiranda y Casanova / _cCarlos Pi-Sunyer. |
| 260 |
_aCaracas : _bInstituto Nacional de Cultura y Bellas Artes, _c1967. |
||
| 300 |
_a49 p. ; _c23 cm. |
||
| 490 | 1 |
_aINCIBA. Ensayo, _v1 |
|
| 600 | 1 | 0 |
_aMIRANDA, FRANCISCO De, _d1750-1816. _910352 |
| 600 | 1 | 0 |
_aCASANOVA, GIACOMO, _d1725-1798. _941171 |
| 830 | 0 |
_aINCIBA. Ensayo ; _v1 _941172 |
|
| 910 | _aCatalogación derivada / LC | ||
| 049 | _aBNGR | ||
| 999 |
_c18655 _d18655 |
||